Las Relaciones entre Estados Unidos y América Latina /
sin resumen
Đã lưu trong:
| Tác giả chính: | |
|---|---|
| Định dạng: | Không biết |
| Ngôn ngữ: | Spanish |
| Những chủ đề: | |
| Các nhãn: |
Thêm thẻ
Không có thẻ, Là người đầu tiên thẻ bản ghi này!
|
MARC
| LEADER | 00000 a2200000 04500 | ||
|---|---|---|---|
| 001 | 1773 | ||
| 003 | cru IIS | ||
| 005 | 20211125092526.0 | ||
| 008 | 211125b |||||||| |||| 00| 0 spa d | ||
| 040 | |c cru IIS | ||
| 100 | 1 | |a Lagos, Gustavo |9 10168 |e Autor | |
| 245 | 1 | 4 | |a Las Relaciones entre Estados Unidos y América Latina / |c Gustavo Lagos |
| 300 | |a páginas 191-210 | ||
| 520 | |a sin resumen | ||
| 650 | |a RELACIONES INTERNACIONALES | ||
| 650 | |a POLITICA EXTERIOR | ||
| 650 | |a POLITICA ECONOMICA | ||
| 650 | |a CAPITALISMO | ||
| 773 | 0 | |0 43977 |9 6364 |d Madrid: Centro de Investigaciones Sociológicas. Instituto de Cooperación Iberoamericana, [1982] |o MFN: 1770 |t Iberoamérica en los años 80: | |
| 942 | |2 ddc |c LI | ||
| 999 | |c 5736 |d 5736 | ||
